| 000 | 00945nam a2200229 i 4500 | ||
|---|---|---|---|
| 001 | 100756 | ||
| 003 | ES-MaACL | ||
| 005 | 20231207063021.0 | ||
| 007 | t| | ||
| 008 | 051005s1942 sp f |||| |dspa d | ||
| 080 | _a929 Colón, Cristóbal | ||
| 100 | 0 |
_aMateo, Andrés María _978938 |
|
| 245 | 1 | 0 |
_aColón e Isabel la Católica _bensayo crítico sobre el carácter, el estilo y la letra del almirante, a través de una carta suya autógrafa y mutilada a la reina / _cpor Andrés Mª Mateo. |
| 260 |
_aValladolid : _bCuesta, _c1942. |
||
| 300 |
_aXVIII, 130 p., 18 lám. ; _c23 cm. |
||
| 530 | _aDisponible en formato digital. | ||
| 594 | _aPrecede al tít.: Consejo Superior de Investigaciones Científicas y Universidad de Valladolid. | ||
| 596 | _aPublicación del Seminario de Estudios de Historia Moderna "Simancas" | ||
| 600 | 1 | 4 |
_aColón, Cristóbal. _939869 |
| 852 |
_aES-MaACL _jB-1912 |
||
| 999 |
_c100756 _d100756 |
||